000 00959nam a2200241 a 4500
001 000043168
005 20201002040706.0
008 140220s2000 sp abc 001 0 spa d
020 _a8440692579
040 _aDO-SdBNP
_bspa
_cBNPHU
041 1 7 _aspa
_heng
082 _axxx
_bxxx
100 1 _aUp de Graff, F. W.
_970740
240 1 0 _aHead-hunters of the Amazon.
_lEspañol
245 1 0 _aCazadores de cabezas en el Amazonas :
_bsiete años de exploraciones y aventuras /
_cF. W. Up de Graf ; prólogo de R. B. Cunninghame Graham ; traducción de Julia Héctor de Zavalla.
260 _aBarcelona :
_bEdiciones B,
_c2000.
300 _a355 p. :
_bil., mapas, retrs. ;
_c23 cm.
490 1 _aBiblioteca grandes viajeros
500 _aIncluye referencias bibliográficas y notas al pie de las páginas
700 1 2 _aZavalla, Julia Héctor de
_etr
_970741
700 1 2 _aCunninghame Graham, R. B.
_epról.
_970742
830 0 _aBiblioteca grandes viajeros
_970743
999 _c42657
_d42657